Statistics for 2021 NCAA Tournament Teams

Click here to take the quiz!

General Stats

  • This quiz has been taken 33 times
  • The average score is 52 of 68

Answer Stats

HintAnswer% Correct
1Michigan
100%
3Texas
100%
1Baylor
96%
1Gonzaga
96%
2Alabama
92%
8LSU
92%
11Michigan St
92%
5Tennessee
92%
6USC
92%
1Illinois
88%
3Kansas
88%
10Maryland
88%
13Ohio
88%
8Oklahoma
88%
7Oregon
88%
5Villanova
88%
4Virginia
88%
7Florida
85%
4Florida St
85%
2Iowa
85%
8North Carolina
85%
2Ohio St
85%
4Oklahoma St
85%
11UCLA
85%
3Arkansas
81%
5Creighton
81%
12Oregon St
81%
4Purdue
81%
6Texas Tech
81%
9Wisconsin
81%
6BYU
77%
5Colorado
77%
9Georgia Tech
77%
2Houston
77%
7Uconn
77%
10VCU
77%
3West Virginia
77%
11Drake
73%
12Georgetown
73%
9Missouri
73%
6San Diego St
73%
11Syracuse
73%
12UC Santa Barbara
73%
11Utah St
73%
10Virginia Tech
73%
11Wichita State
73%
14Abilene Christian
69%
16Appalachian St
69%
7Clemson
69%
8Loyola Chicago
69%
15Oral Roberts
69%
10Rutgers
69%
9St. Bonaventure
69%
12Winthrop
69%
14Colgate
65%
14Eastern Wash
65%
15Grand Canyon
65%
15Iona
65%
16Drexel
62%
13Liberty
62%
16Mount St. Marys
62%
13North Texas
62%
15Cleveland St
58%
16Hartford
58%
14Morehead St
58%
16Norfolk St
58%
16Texas So
58%
13UNC Greensboro
50%

Score Distribution

Percentile by Number Answered

Percent of People with Each Score

Your Score History

You have not taken this quiz